[Event "ch-RUS Rapid 2016"]
[Site "Sochi RUS"]
[Date "2016.10.03"]
[Round "7.18"]
[White "Rozum, Ivan"]
[Black "Vastrukhin, Oleg"]
[Result "0-1"]
[WhiteTitle "GM"]
[WhiteElo "2590"]
[BlackElo "2392"]
[WhiteFideId "24104272"]
[BlackFideId "4192770"]
[EventDate "2016.10.02"]

1. Nf3 g6 2. e4 Bg7 3. d4 c6 4. c3 d5 5. Nbd2 dxe4 6. Nxe4 Nf6 7. Nxf6+ exf6 8.
Bd3 O-O 9. O-O a5 10. Bf4 Be6 11. Bc2 Nd7 12. Bb3 Nb6 13. Bxe6 fxe6 14. Qe2 Qd5
15. Bc7 Nc8 16. c4 Qd7 17. Bg3 Nd6 18. Rad1 Nf5 19. Bf4 Rfe8 20. Bc1 b5 21. b3
a4 22. b4 bxc4 23. Qxc4 Qd5 24. Qc2 Nd6 25. a3 Qc4 26. Qxc4 Nxc4 27. Rd3 Nd6 28.
Rc3 Rac8 29. Bb2 Nb5 30. Rc4 g5 31. h3 h5 32. g4 hxg4 33. hxg4 Re7 34. Rfc1 Rec7
35. Nd2 Kf7 36. Ne4 Bf8 37. Kg2 Be7 38. Nd2 Bd6 39. Nf3 Bf4 40. Rh1 Kg6 41. Rc2
Re8 42. Re1 Nd6 43. Ree2 Nb5 44. Rc4 Nd6 45. Rc5 Nb7 46. Rc3 Nd6 47. Rec2 f5 48.
gxf5+ Nxf5 49. Rxc6 Rh7 50. d5 g4 51. Ne5+ Bxe5 52. Bxe5 Nh4+ 53. Kg3 Kf5 54.
Re2 Nf3 55. Bb2 Rh1 56. Rc1 Rh3+ 57. Kg2 Rh2+ 58. Kg3 Rh3+ 59. Kg2 e5 60. Rec2
Reh8 61. Kf1 Rh2 62. d6 Rd8 63. Ke2 Rxd6 64. Ke3 Rh3 65. Ke2 Ng5 66. Rc5 Re6 67.
Ra5 Rb3 68. Rc2 Ne4 69. Rxa4 Rxb2 70. Rxb2 Nc3+ 71. Ke3 Nxa4 72. Rb3 Nb6 73. b5
Rd6 74. Ke2 Rh6 75. Rd3 Rh3 76. Rxh3 gxh3 77. Kf3 Na4 78. Kg3 Ke4 79. Kxh3 Kf3 0-1

[Event "ch-RUS Rapid 2016"]
[Site "Sochi RUS"]
[Date "2016.10.03"]
[Round "7.19"]
[White "Levin, Evgeny A."]
[Black "Afanasiev, Nikita"]
[Result "1/2-1/2"]
[WhiteTitle "GM"]
[BlackTitle "FM"]
[WhiteElo "2505"]
[BlackElo "2280"]
[WhiteFideId "4182596"]
[BlackFideId "24183555"]
[EventDate "2016.10.02"]

1. d4 d6 2. e4 g6 3. c3 Bg7 4. Bd3 e5 5. Nf3 Nd7 6. O-O Ngf6 7. Re1 O-O 8. Nbd2
Re8 9. Nf1 h6 10. Ng3 Nf8 11. h3 N6h7 12. Bc4 Be6 13. Bxe6 Nxe6 14. dxe5 dxe5
15. Be3 Qe7 16. Qa4 c6 17. Rad1 a5 18. Rd2 Qc7 19. Red1 b5 20. Qc2 Red8 21. a4
Rxd2 22. Rxd2 Nf6 23. Rd1 Bf8 24. Ra1 Nc5 25. b3 Rb8 26. Nd2 Nfd7 27. Ne2 1/2-1/2

[Event "ch-RUS Rapid 2016"]
[Site "Sochi RUS"]
[Date "2016.10.03"]
[Round "7.20"]
[White "Babanin, Gleb"]
[Black "Usmanov, Vasily"]
[Result "0-1"]
[BlackTitle "IM"]
[WhiteElo "2080"]
[BlackElo "2431"]
[WhiteFideId "34152536"]
[BlackFideId "4135741"]
[EventDate "2016.10.02"]

1. e4 e6 2. d4 d5 3. Nc3 Bb4 4. a3 Bxc3+ 5. bxc3 dxe4 6. Qg4 Qf6 7. Qxe4 Qg6 8.
Bd3 Qxe4+ 9. Bxe4 Nf6 10. Bd3 b6 11. Nf3 Bb7 12. O-O Nbd7 13. Re1 c5 14. a4 Rc8
15. Ne5 Nxe5 16. Rxe5 c4 17. Bf1 Ne4 18. a5 f6 19. Rb5 Nxc3 20. Rb4 b5 21. Bb2
Nd5 22. Rxb5 Ba6 23. Rc5 Rxc5 24. dxc5 Kd7 25. f3 c3 26. Bc1 Bxf1 27. Kxf1 Rb8
28. Ke2 Kc6 29. Kd3 Rb4 30. g3 a6 31. Be3 e5 32. Bf2 h5 33. Re1 g5 34. Re4 Rb1
35. Be1 Ra1 36. Bxc3 Ra3 37. Rc4 g4 38. f4 exf4 39. gxf4 Rxc3+ 40. Rxc3 Nxc3 41.
Kxc3 h4 42. Kd4 0-1

[Event "ch-RUS Rapid 2016"]
[Site "Sochi RUS"]
[Date "2016.10.03"]
[Round "8.1"]
[White "Yuffa, Daniil"]
[Black "Andreikin, Dmitry"]
[Result "1/2-1/2"]
[WhiteTitle "IM"]
[BlackTitle "GM"]
[WhiteElo "2534"]
[BlackElo "2736"]
[WhiteFideId "24131423"]
[BlackFideId "4158814"]
[EventDate "2016.10.02"]

1. d4 d5 2. c4 c6 3. Nc3 Nf6 4. Nf3 a6 5. e3 e6 6. Qc2 c5 7. cxd5 exd5 8. Be2
Nc6 9. O-O Be6 10. Rd1 cxd4 11. Nxd4 Nxd4 12. Rxd4 Bc5 13. Rd1 Qe7 14. Bf3 O-O
15. Nxd5 Bxd5 16. Bxd5 Nxd5 17. Rxd5 Rac8 18. Qd1 Rfd8 19. g3 b6 20. e4 Rxd5 21.
Qxd5 Re8 22. Bf4 Qxe4 23. Qxe4 Rxe4 24. Rd1 f6 25. Kf1 g5 26. Bd6 Rd4 27. Rxd4
Bxd4 28. b3 g4 29. Ke2 Kf7 30. Bf4 b5 31. Be3 Bb2 32. f3 h5 33. fxg4 hxg4 34.
Kd3 Ke6 35. Bd4 Ba3 36. Ke4 Bd6 37. Be3 Be5 38. Bd4 f5+ 39. Kd3 Bc7 40. Be3 Kd5
41. Bf2 Bd6 42. Be3 Ba3 43. Bf2 a5 44. Bb6 a4 45. Be3 Bd6 46. bxa4 bxa4 47. Bf2
Bb4 48. Be3 Be7 49. Bf2 Bg5 50. Be3 Be7 51. Bf2 Bd6 52. Be3 Bc7 53. Bf2 Bd8 54.
Be3 Ke5 55. Bf4+ Kd5 56. Be3 Be7 57. Bf2 Ba3 58. Be3 Bb2 59. Bg1 Bf6 60. Be3 Be5
61. Bf2 Bd6 62. Be3 a3 63. Bf2 f4 64. gxf4 Bxf4 65. Bg3 Ke5 66. Bh4 Ke6 67. Ke4
Bxh2 68. Bg5 Be5 69. Bc1 Bb2 70. Bd2 Be5 71. Bb4 g3 72. Kf3 Bd6 73. Bxa3 g2 74.
Kxg2 Kd5 1/2-1/2

[Event "ch-RUS Rapid 2016"]
[Site "Sochi RUS"]
[Date "2016.10.03"]
[Round "8.2"]
[White "Artemiev, Vladislav"]
[Black "Moiseenko, Vadim"]
[Result "0-1"]
[WhiteTitle "GM"]
[BlackTitle "IM"]
[WhiteElo "2663"]
[BlackElo "2528"]
[WhiteFideId "24101605"]
[BlackFideId "4123700"]
[EventDate "2016.10.02"]

1. Nf3 Nf6 2. g3 b6 3. Bg2 Bb7 4. O-O e6 5. c4 d5 6. Qa4+ Nbd7 7. cxd5 Bxd5 8.
Nc3 Bb7 9. d4 a6 10. Bg5 b5 11. Qc2 c5 12. Rad1 Qb6 13. dxc5 Bxc5 14. Nd2 Bxg2
15. Kxg2 Rc8 16. Nce4 Qb7 17. Bxf6 Nxf6 18. Qd3 Nxe4 19. Qxe4 Qxe4+ 20. Nxe4 Ke7
21. Rd3 f5 22. Nxc5 Rxc5 23. Rfd1 Rc2 24. Rd7+ Kf6 25. Ra7 Rxe2 26. Rdd7 Rc8 27.
Rf7+ Ke5 28. Rac7 Rxc7 29. Rxc7 Rxb2 30. Rxg7 Rxa2 31. Rxh7 a5 32. h4 b4 33. Rf7
Rc2 34. h5 Rc8 35. Ra7 Kf6 36. Rxa5 Rb8 37. f4 b3 38. Ra1 b2 39. Rb1 e5 40.
fxe5+ Kxe5 41. h6 Kf6 42. h7 Kg7 43. Kf3 Rb4 44. Ke3 Kxh7 45. Kd3 Kg6 46. Kc3
Rb7 47. Kc2 Kg5 0-1

[Event "ch-RUS Rapid 2016"]
[Site "Sochi RUS"]
[Date "2016.10.03"]
[Round "8.3"]
[White "Matlakov, Maxim"]
[Black "Dreev, Aleksey"]
[Result "1/2-1/2"]
[WhiteTitle "GM"]
[BlackTitle "GM"]
[WhiteElo "2691"]
[BlackElo "2660"]
[WhiteFideId "4168003"]
[BlackFideId "4100107"]
[EventDate "2016.10.02"]

1. c4 c6 2. Nf3 d5 3. d4 Nf6 4. e3 Bf5 5. Nc3 e6 6. Nh4 Be4 7. f3 Bg6 8. Qb3 Qc7
9. g3 Be7 10. Nxg6 hxg6 11. Kf2 dxc4 12. Bxc4 b5 13. Bd3 a6 14. a4 b4 15. Ne4
Nbd7 16. Bd2 Nxe4+ 17. Bxe4 Nf6 18. Qc2 Nxe4+ 19. Qxe4 Rc8 20. Rac1 a5 21. Rc4
Qd7 22. Kg2 c5 23. b3 Rh5 24. Rhc1 Rd8 25. Be1 1/2-1/2

[Event "ch-RUS Rapid 2016"]
[Site "Sochi RUS"]
[Date "2016.10.03"]
[Round "8.4"]
[White "Dubov, Daniil"]
[Black "Shaposhnikov, Evgeny"]
[Result "1-0"]
[WhiteTitle "GM"]
[BlackTitle "GM"]
[WhiteElo "2648"]
[BlackElo "2557"]
[WhiteFideId "24126055"]
[BlackFideId "4122232"]
[EventDate "2016.10.02"]

1. c4 c5 2. Nf3 Nc6 3. d4 cxd4 4. Nxd4 e5 5. Nb5 a6 6. N5c3 Nf6 7. Bg5 Be7 8. g3
d6 9. Bg2 Be6 10. Nd2 O-O 11. O-O Ng4 12. Bxe7 Qxe7 13. Rc1 Nf6 14. Nd5 Bxd5 15.
cxd5 Nb4 16. a3 Nbxd5 17. Qb3 e4 18. Nxe4 Rab8 19. Ng5 Nc7 20. Rfd1 h6 21. Nf3
Ne6 22. Nh4 g6 23. Qb4 Rfd8 24. Rc2 Rd7 25. Nf3 Kg7 26. Nd4 Rbd8 27. Nxe6+ fxe6
28. Rdc1 d5 29. Qd2 Qd6 30. Rc5 Rf8 31. Qb4 Rff7 32. Qc3 Kh7 33. Rc8 e5 34. h3
Qe6 35. Ra8 Rde7 36. Qa5 e4 37. Rcc8 Re8 38. Rxe8 Nxe8 39. Qd8 Re7 40. h4 Kg7
41. a4 Kf7 42. a5 Qd6 43. Bh3 Qxd8 44. Rxd8 Nf6 45. Rc8 Re8 46. Rc7+ Re7 47.
Rxe7+ Kxe7 48. Bc8 Kd6 49. Bxb7 Kc5 50. Bxa6 Kb4 51. f3 Kxa5 52. Bb7 e3 53. g4
g5 54. hxg5 hxg5 55. Kg2 Kb6 56. Bc8 Kc7 57. Ba6 Kd6 58. f4 gxf4 59. Kf3 Ke5 60.
g5 Ne8 61. Bd3 Ng7 62. g6 Ne6 63. b4 d4 64. b5 Kf6 65. b6 Nc5 66. Be4 Kg7 67. b7
Nxb7 68. Bxb7 d3 69. exd3 Kxg6 70. d4 Kf6 71. Ba6 Kf5 72. Bc4 Kg5 73. Bd3 1-0

[Event "ch-RUS Rapid 2016"]
[Site "Sochi RUS"]
[Date "2016.10.03"]
[Round "8.5"]
[White "Bologan, Victor"]
[Black "Motylev, Alexander"]
[Result "1-0"]
[WhiteTitle "GM"]
[BlackTitle "GM"]
[WhiteElo "2640"]
[BlackElo "2663"]
[WhiteFideId "13900048"]
[BlackFideId "4121830"]
[EventDate "2016.10.02"]

1. Nf3 d5 2. c4 d4 3. b4 Bg4 4. Qb3 a5 5. b5 Nf6 6. g3 a4 7. Qd3 c5 8. Bg2 Nbd7
9. h3 Bh5 10. O-O e5 11. Nh4 g5 12. Nf5 Qb6 13. e4 Bg6 14. Qe2 Qe6 15. d3 h6 16.
Nd2 Kd8 17. Re1 Kc7 18. g4 Be7 19. Nf1 Bd8 20. N1g3 Kb8 21. Bd2 Bc7 22. f3 Nf8
23. h4 gxh4 24. Nxh4 Qd7 25. b6 Bxb6 26. Rab1 Bc7 27. Rb5 Ne6 28. Reb1 Ra7 29.
f4 Nxf4 30. Bxf4 exf4 31. e5 Qxg4 32. Nxg6 Qxg3 33. Rxb7+ Rxb7 34. Rxb7+ Kc8 35.
Ne7+ Kd7 36. exf6 Rb8 37. Nf5 Qh2+ 38. Kxh2 f3+ 39. Rxc7+ 1-0

[Event "ch-RUS Rapid 2016"]
[Site "Sochi RUS"]
[Date "2016.10.03"]
[Round "8.6"]
[White "Riazantsev, Alexander"]
[Black "Rakhmanov, Aleksandr"]
[Result "1/2-1/2"]
[WhiteTitle "GM"]
[BlackTitle "GM"]
[WhiteElo "2651"]
[BlackElo "2662"]
[WhiteFideId "4125029"]
[BlackFideId "4173708"]
[EventDate "2016.10.02"]

1. d4 d5 2. c4 e6 3. Nc3 a6 4. cxd5 exd5 5. Nf3 Nf6 6. Bg5 Be6 7. e3 Nbd7 8. Bd3
Bd6 9. O-O h6 10. Bf4 Qe7 11. a3 O-O 12. Re1 Bg4 13. Bg3 c6 14. Qc2 Rfe8 15. Nd2
Bxg3 16. hxg3 Nf8 17. b4 Bh5 18. Rab1 Bg6 19. a4 Bxd3 20. Qxd3 Ne6 21. Rec1 Qd6
22. Qc2 Nd7 23. Nb3 b5 24. a5 Nf6 25. Ne2 Rac8 26. Nf4 Ne4 27. Nxe6 Rxe6 28. Nc5
Nxc5 29. Qxc5 Qxc5 30. Rxc5 f5 31. Rbc1 Rd6 32. Kf1 Kf7 33. Ke2 Ke6 34. Rh1 Kf6
35. Kf3 Kg5 36. Rhc1 h5 37. Ke2 Kf6 38. Kd3 Ke7 39. Rh1 Rh8 40. f3 Rhh6 41. Ke2
Rde6 42. Kf2 Kf7 43. Rh4 Kf6 44. e4 fxe4 45. fxe4 dxe4 46. Rhxh5 Rxh5 47. Rxh5
e3+ 48. Ke2 Re4 49. Rh4 Kf5 50. Kf3 Re8 51. Rf4+ Kg5 52. Ke2 Re7 53. Rf8 Re4 54.
Rd8 Kg4 55. Rd6 g5 56. Rxc6 Rxd4 57. Rxa6 Rxb4 58. Rg6 Rb3 59. a6 Ra3 60. Rb6
Kxg3 61. Rxb5 g4 62. Rb6 Kxg2 63. Rg6 g3 64. Rh6 Kg1 65. Rg6 g2 66. Rh6 Ra5 67.
Ke1 e2 68. Kxe2 Re5+ 69. Kd3 Kf2 70. Rf6+ Kg3 71. Rg6+ Kf3 72. Rf6+ Kg3 73. Rg6+
Kf2 74. Rf6+ Ke1 75. Rg6 1/2-1/2

[Event "ch-RUS Rapid 2016"]
[Site "Sochi RUS"]
[Date "2016.10.03"]
[Round "8.7"]
[White "Zablotsky, Sergei"]
[Black "Khairullin, Ildar"]
[Result "1-0"]
[WhiteTitle "GM"]
[BlackTitle "GM"]
[WhiteElo "2518"]
[BlackElo "2630"]
[WhiteFideId "4131606"]
[BlackFideId "4151348"]
[EventDate "2016.10.02"]

1. d4 Nf6 2. c4 g6 3. Nc3 d5 4. e3 Bg7 5. Qb3 e6 6. Qa3 a5 7. Nf3 c6 8. b3 Na6
9. Bd2 Nb4 10. Qb2 O-O 11. Be2 Ne4 12. O-O c5 13. Rfd1 Nxd2 14. Qxd2 dxc4 15.
bxc4 cxd4 16. exd4 b6 17. a3 Na6 18. Rab1 Rb8 19. Qf4 Bb7 20. Ne5 Qc7 21. Nb5
Qe7 22. h4 Rbd8 23. g3 Nb8 24. Bf3 Bxf3 25. Qxf3 Rc8 26. Qe4 1-0

[Event "ch-RUS Rapid 2016"]
[Site "Sochi RUS"]
[Date "2016.10.03"]
[Round "8.8"]
[White "Lugovskoy, Maxim"]
[Black "Savchenko, Boris"]
[Result "0-1"]
[WhiteTitle "IM"]
[BlackTitle "GM"]
[WhiteElo "2436"]
[BlackElo "2613"]
[WhiteFideId "24126454"]
[BlackFideId "4147332"]
[EventDate "2016.10.02"]

1. e4 c5 2. Nf3 g6 3. d4 cxd4 4. Qxd4 Nf6 5. Nc3 Nc6 6. Qa4 d6 7. e5 dxe5 8.
Nxe5 Qd4 9. Nxc6 Qxa4 10. Nxa4 bxc6 11. Be2 Bg7 12. Bf3 Nd5 13. Bd2 O-O 14. c4
Nb6 15. Nxb6 axb6 16. Bxc6 Bxb2 17. Bxa8 Bxa1 18. O-O Bf6 19. Bc6 Ba6 20. Bb5
Bxb5 21. cxb5 Bd4 22. Rc1 Ra8 23. Rc2 Ra4 24. Kf1 f5 25. Ke2 Kf7 26. Be3 Bxe3
27. fxe3 Rb4 28. a4 Rxa4 29. Rc6 Ra2+ 30. Kf3 e5 31. Rxb6 g5 32. Rb7+ Kg6 33.
Rb6+ Kh5 34. Rf6 g4+ 35. Kg3 Kg5 36. Rf8 f4+ 0-1

[Event "ch-RUS Rapid 2016"]
[Site "Sochi RUS"]
[Date "2016.10.03"]
[Round "8.9"]
[White "Vastrukhin, Oleg"]
[Black "Romanov, Evgeny"]
[Result "1-0"]
[BlackTitle "GM"]
[WhiteElo "2392"]
[BlackElo "2619"]
[WhiteFideId "4192770"]
[BlackFideId "4148843"]
[EventDate "2016.10.02"]

1. Nf3 Nf6 2. g3 d5 3. Bg2 c6 4. O-O Bg4 5. Ne5 Bh5 6. d4 Nbd7 7. c4 e6 8. Nc3
Nxe5 9. dxe5 Nd7 10. cxd5 exd5 11. Bf4 Bc5 12. Qd2 a6 13. Rac1 Ba7 14. e4 d4 15.
Ne2 Bxe2 16. Qxe2 Qe7 17. Qg4 g6 18. Bh3 h5 19. Qg5 Qxg5 20. Bxg5 Nc5 21. Bf6
Rg8 22. Rce1 Nd7 23. f4 d3+ 24. Kh1 Nxf6 25. exf6 Rd8 26. e5 d2 27. Rd1 g5 28.
Bf5 Be3 29. fxg5 Rxg5 30. Rf3 Bc5 31. h4 Rg8 32. Kg2 Rd5 33. Rd3 Rxd3 34. Bxd3
Be3 35. Kf3 Bh6 36. Bf5 Kd8 37. g4 hxg4+ 38. Bxg4 Kc7 39. Bh5 Rf8 40. Ke4 Kb6
41. Kf5 Kc5 42. Bxf7 Rxf7 43. Kg6 Kd5 1-0

[Event "ch-RUS Rapid 2016"]
[Site "Sochi RUS"]
[Date "2016.10.03"]
[Round "8.10"]
[White "Glek, Igor"]
[Black "Kryakvin, Dmitry"]
[Result "1/2-1/2"]
[WhiteTitle "GM"]
[BlackTitle "GM"]
[WhiteElo "2377"]
[BlackElo "2554"]
[WhiteFideId "4100484"]
[BlackFideId "4153278"]
[EventDate "2016.10.02"]

1. e4 c5 2. Nf3 d6 3. Bb5+ Bd7 4. Bxd7+ Qxd7 5. O-O Nc6 6. Qe2 Nf6 7. Rd1 e6 8.
d4 cxd4 9. Nxd4 Be7 10. c4 O-O 11. Nc3 Nxd4 12. Rxd4 Qc6 13. b3 a6 14. Bb2 Rfc8
15. a4 Nd7 16. Rd3 Ne5 17. Rh3 Bf6 18. Rd1 Ng6 19. Qd2 Be5 20. Rd3 Nf4 21. Rf3
Ng6 22. Rd3 Nf4 23. Re3 g5 24. g3 Ng6 25. Ne2 g4 1/2-1/2

[Event "ch-RUS Rapid 2016"]
[Site "Sochi RUS"]
[Date "2016.10.03"]
[Round "8.11"]
[White "Grachev, Boris"]
[Black "Zakhartsov, Vladimir"]
[Result "1-0"]
[WhiteTitle "GM"]
[BlackTitle "IM"]
[WhiteElo "2628"]
[BlackElo "2452"]
[WhiteFideId "4129199"]
[BlackFideId "4145097"]
[EventDate "2016.10.02"]

1. d4 Nf6 2. Nf3 e6 3. g3 b6 4. Bg2 Bb7 5. O-O Be7 6. c4 O-O 7. Nc3 Ne4 8. Bd2
Nxd2 9. Qxd2 Bb4 10. a3 Bxc3 11. Qxc3 d6 12. Rfe1 Nd7 13. e4 Qe7 14. b4 c5 15.
bxc5 bxc5 16. d5 e5 17. Reb1 Nf6 18. Nd2 Rab8 19. Nb3 Ba8 20. Na5 Qc7 21. f3 Rb6
22. Bf1 Rfb8 23. Bd3 h5 24. h4 Rxb1+ 25. Rxb1 Rb6 26. Nb3 Qd7 27. Kg2 Bb7 28.
Nd2 Bc8 29. Rh1 Rb8 30. Bc2 Qe7 31. Kf2 Rb6 32. Rb1 Qc7 33. Rxb6 axb6 34. Ba4
Qa7 35. Bb5 Bd7 36. Qb3 Kf8 37. Nb1 Ke7 38. Nc3 Bxb5 39. Nxb5 Qa5 40. Ke2 Qa8
41. Nc3 Qa5 42. Na4 Nd7 43. Qb5 Qxb5 44. cxb5 Kd8 45. Nb2 Kc7 46. Nc4 Nf6 47.
Ke3 Ng8 48. g4 f6 49. Kf2 g6 50. Ne3 Nh6 51. Kg3 Kd7 52. a4 Kc7 53. gxh5 gxh5
54. f4 Kd7 55. f5 Kd8 56. Kf3 Kd7 57. Ke2 Kd8 58. Nf1 Kd7 59. Ng3 Ng8 60. Nxh5
Ke7 61. Ng3 Nh6 62. Nf1 Ke8 63. Ne3 Kd7 64. Kd3 Kd8 65. Kc4 Kc7 66. Kb3 Kc8 67.
Kc2 Kd7 68. Kd2 Kd8 69. Ke2 Kd7 70. Kf3 Kd8 71. Ng4 1-0

[Event "ch-RUS Rapid 2016"]
[Site "Sochi RUS"]
[Date "2016.10.03"]
[Round "8.12"]
[White "Morozevich, Alexander"]
[Black "Golubov, Saveliy"]
[Result "1/2-1/2"]
[WhiteTitle "GM"]
[BlackTitle "IM"]
[WhiteElo "2683"]
[BlackElo "2481"]
[WhiteFideId "4116992"]
[BlackFideId "24176729"]
[EventDate "2016.10.02"]

1. e4 e6 2. d4 d5 3. Nc3 Bb4 4. e5 Ne7 5. a3 Bxc3+ 6. bxc3 c5 7. h4 Nbc6 8. h5
h6 9. Qg4 Qa5 10. Bd2 Bd7 11. Qxg7 O-O-O 12. Nf3 Qa4 13. Bd3 Rdg8 14. Qf6 c4 15.
Be2 Qxc2 16. g4 b5 17. Rc1 Qb2 18. Bxh6 a5 19. Bd2 b4 20. axb4 a4 21. b5 Qxb5
22. Ng5 Qb2 23. Nxf7 Rh7 24. Nh6 Re8 25. Qf4 a3 26. O-O a2 27. Ra1 Na5 28. Rxa2
Qxa2 29. Bd1 Kc7 30. g5 Rxh6 31. gxh6 Nf5 32. Bg4 Nb3 33. Be1 Qc2 34. f3 Rh8 35.
Rf2 Qb1 36. Rf1 Nxh6 37. Qf6 Qh7 38. Bxe6 Bxe6 39. Qxe6 Rg8+ 40. Kh2 Nf5 41. Bh4
Rf8 42. Rg1 Qxh5 43. Rg7+ Nxg7 44. Qe7+ Kb6 45. Qb4+ Ka6 46. Qd6+ Ka5 47. Qb4+
Ka6 48. Qd6+ 1/2-1/2

[Event "ch-RUS Rapid 2016"]
[Site "Sochi RUS"]
[Date "2016.10.03"]
[Round "8.13"]
[White "Usmanov, Vasily"]
[Black "Alekseev, Evgeny"]
[Result "1/2-1/2"]
[WhiteTitle "IM"]
[BlackTitle "GM"]
[WhiteElo "2431"]
[BlackElo "2636"]
[WhiteFideId "4135741"]
[BlackFideId "4138147"]
[EventDate "2016.10.02"]

1. d4 Nf6 2. c4 e6 3. Nc3 Bb4 4. e3 O-O 5. Bd3 d5 6. Nf3 c5 7. O-O cxd4 8. exd4
dxc4 9. Bxc4 b6 10. Bg5 Bb7 11. a3 Bxc3 12. bxc3 Nc6 13. Qe2 Rc8 14. Rac1 Ne7
15. Ba6 Bxa6 16. Qxa6 Ne4 17. Qd3 Nxg5 18. Nxg5 Ng6 19. h4 Qd5 20. c4 Qxg2+ 21.
Kxg2 Nf4+ 22. Kf3 Nxd3 23. Rc2 h6 24. Nh3 Rfd8 25. Ke3 e5 26. Kxd3 Rxd4+ 27. Ke3
Rxh4 28. Ng1 Rhxc4 29. Rxc4 Rxc4 30. Rd1 f6 31. Ne2 Kh7 32. f4 exf4+ 33. Nxf4
Rc3+ 34. Ke4 Rxa3 35. Rd7 Ra4+ 36. Kf3 Ra3+ 37. Ke4 Ra5 38. Nd5 h5 39. Nxf6+ Kh6
40. Nd5 Ra1 41. Nf4 g6 42. Kf3 b5 43. Rd6 Rf1+ 44. Ke3 Rg1 45. Ra6 b4 46. Rxa7
b3 47. Rb7 h4 48. Kf2 Rg3 49. Rb6 Kg7 50. Ne2 Rd3 51. Nf4 Rg3 52. Ne2 1/2-1/2

[Event "ch-RUS Rapid 2016"]
[Site "Sochi RUS"]
[Date "2016.10.03"]
[Round "8.14"]
[White "Vitiugov, Nikita"]
[Black "Paravyan, David"]
[Result "1/2-1/2"]
[WhiteTitle "GM"]
[BlackTitle "IM"]
[WhiteElo "2721"]
[BlackElo "2528"]
[WhiteFideId "4152956"]
[BlackFideId "4194985"]
[EventDate "2016.10.02"]

1. Nf3 c5 2. c4 Nf6 3. e3 g6 4. d4 Bg7 5. d5 O-O 6. Nc3 e6 7. Be2 exd5 8. cxd5
d6 9. Nd2 Re8 10. O-O Nbd7 11. a4 a6 12. Ra3 Qc7 13. e4 Rb8 14. h3 h6 15. Qc2 c4
16. a5 Ne5 17. f4 Nd3 18. Bxd3 cxd3 19. Qxd3 Bd7 20. Re1 Qc5+ 21. Kh2 Rbc8 22.
Rb3 Rc7 23. Nf3 Qxa5 24. e5 Bf5 25. Qd1 dxe5 26. fxe5 Nd7 27. e6 fxe6 28. d6 Rc4
29. Rxb7 Rd8 30. Be3 Rb4 31. Rc7 Rxb2 32. Bd4 Bf8 33. Ne4 Bxd6+ 34. Nxd6 Qxc7
35. Bxb2 Nc5 36. Qc1 Qxd6+ 37. Be5 Qf8 38. Qc4 Nd3 39. Re3 Qc5 40. Qh4 Rd7 41.
Qxh6 Rh7 42. Qg5 Qe7 43. Qg3 Nxe5 44. Nxe5 Qd6 45. Qe1 Rc7 46. g4 Bc2 47. Kg3
Rc5 48. Qb4 Qc7 49. Qf4 Rc3 50. Rxc3 Qxc3+ 51. Kh4 Qc7 52. Qf6 Qg7 53. Qxe6+ Kh7
54. Nf7 Qd4 55. Ng5+ Kh6 56. Qf7 Qg7 57. Qe6 Qd4 58. Qf7 Qg7 59. Qe6 Qd4 60. Qf7
Qg7 61. Qc4 1/2-1/2

[Event "ch-RUS Rapid 2016"]
[Site "Sochi RUS"]
[Date "2016.10.03"]
[Round "8.15"]
[White "Afanasiev, Nikita"]
[Black "Pridorozhni, Aleksei"]
[Result "0-1"]
[WhiteTitle "FM"]
[BlackTitle "GM"]
[WhiteElo "2280"]
[BlackElo "2579"]
[WhiteFideId "24183555"]
[BlackFideId "4127870"]
[EventDate "2016.10.02"]

1. d4 d6 2. Bg5 Bf5 3. e3 c6 4. c3 Qb6 5. Qb3 Nd7 6. Nd2 Ngf6 7. Ngf3 h6 8. Bf4
Nh5 9. Bg3 Nxg3 10. hxg3 d5 11. Be2 e6 12. Ng5 Be7 13. Nh3 e5 14. g4 Bh7 15. Nf3
exd4 16. Nxd4 Nc5 17. Qxb6 axb6 18. Nf4 O-O 19. a3 Rfe8 20. Nf5 Bf8 21. Rd1 b5
22. Nh5 Kh8 23. Nhg3 Na4 24. Rd2 Nb6 25. Bd3 Nc4 26. Bxc4 bxc4 27. Ke2 Kg8 28.
Kf3 Re5 29. Rh5 Rae8 30. Rd4 Bg6 31. Rh1 Bc5 32. Rd2 R8e6 33. Rh3 Re8 34. Re2 h5
35. Nxh5 Bxf5 36. gxf5 Rxf5+ 37. Kg4 g6 38. Ng3 Rf6 39. Rh1 Kg7 40. Rhe1 Rfe6
41. Kf3 f5 42. Rh1 Bd6 43. Rd2 Be5 44. Ne2 Rf6 45. Nd4 f4 46. Kg4 fxe3 47. fxe3
Bd6 48. Re2 Re4+ 49. Kh3 c5 50. Nf3 g5 0-1

[Event "ch-RUS Rapid 2016"]
[Site "Sochi RUS"]
[Date "2016.10.03"]
[Round "8.16"]
[White "Sakaev, Konstantin"]
[Black "Potapov, Pavel"]
[Result "1-0"]
[WhiteTitle "GM"]
[BlackTitle "GM"]
[WhiteElo "2594"]
[BlackElo "2493"]
[WhiteFideId "4104226"]
[BlackFideId "4169786"]
[EventDate "2016.10.02"]

1. d4 f5 2. Nf3 Nf6 3. c4 g6 4. e3 d6 5. b4 e5 6. dxe5 dxe5 7. Qb3 a5 8. Nxe5
Bxb4+ 9. Bd2 Qe7 10. Nd3 Bxd2+ 11. Nxd2 Nc6 12. Be2 O-O 13. O-O Nb4 14. Nf4 Kg7
15. Qc3 b6 16. Bf3 Rb8 17. Rfd1 g5 18. Nd5 Nxd5 19. Bxd5 Qb4 20. Qe5 Qd6 21.
Qxd6 cxd6 22. Bc6 Be6 23. Bb5 Rfc8 24. Nf3 Bxc4 25. Bxc4 Rxc4 26. Nxg5 d5 27.
Ne6+ Kf7 28. Nd4 Kg6 29. Rab1 a4 30. f3 Rc3 31. Kf2 b5 32. Rb4 Re8 33. Re1 Ra3
34. Rb2 b4 35. Nc2 Rc3 36. Nxb4 Rb8 37. Reb1 a3 38. Rb3 Rc4 39. Ke2 f4 40. exf4
Re8+ 41. Kd2 Rxf4 42. Rxa3 Re6 43. Nd3 Rf5 44. Rb4 Kh6 45. Rf4 Rg5 46. g4 Rg8
47. h4 Kg6 48. Rf5 Rb6 49. Ne5+ Kg7 50. Ra7+ 1-0

[Event "ch-RUS Rapid 2016"]
[Site "Sochi RUS"]
[Date "2016.10.03"]
[Round "8.17"]
[White "Predke, Alexandr"]
[Black "Smagin, Sergey"]
[Result "0-1"]
[WhiteTitle "GM"]
[BlackTitle "GM"]
[WhiteElo "2587"]
[BlackElo "2551"]
[WhiteFideId "24107581"]
[BlackFideId "4100425"]
[EventDate "2016.10.02"]

1. e4 e5 2. Nf3 Nc6 3. d4 exd4 4. Nxd4 Nf6 5. Nxc6 bxc6 6. e5 Qe7 7. Qe2 Nd5 8.
c4 Nb6 9. Nc3 Qb4 10. Bd2 Qxb2 11. Rb1 Qa3 12. Qe4 Qc5 13. Bd3 Ba6 14. Nb5 cxb5
15. cxb5 Bc8 16. Rc1 Qd5 17. Rxc7 Rb8 18. O-O Bb7 19. Rxb7 Qxb7 20. Qe2 Qd5 21.
Bf4 Rc8 22. Rd1 Qe6 23. Qe4 Bc5 24. h4 Qxa2 25. Bg3 Qa4 26. Qf3 O-O 27. Re1 g6
28. h5 Rfe8 29. Kh2 Bf8 30. Re4 Qa2 31. Rg4 Bg7 32. hxg6 hxg6 33. Rxg6 fxg6 34.
Bxg6 Qd2 35. Qb3+ Re6 36. f4 Rc3 0-1

[Event "ch-RUS Rapid 2016"]
[Site "Sochi RUS"]
[Date "2016.10.03"]
[Round "8.18"]
[White "Belov, Igor1"]
[Black "Bocharov, Dmitry"]
[Result "1-0"]
[WhiteTitle "IM"]
[BlackTitle "GM"]
[WhiteElo "2390"]
[BlackElo "2611"]
[WhiteFideId "4101782"]
[BlackFideId "4138716"]
[EventDate "2016.10.02"]

1. Nf3 c5 2. c4 Nc6 3. Nc3 Nf6 4. e3 g6 5. d4 Bg7 6. d5 Na5 7. e4 d6 8. h3 O-O
9. Be2 e5 10. g4 Kh8 11. Be3 Ng8 12. Rg1 f5 13. gxf5 gxf5 14. exf5 Bxf5 15. Ng5
Nf6 16. Qd2 Qe7 17. O-O-O a6 18. Ne6 Rg8 19. Nxg7 Rxg7 20. Rxg7 Qxg7 21. f4 e4
22. Rg1 Qh6 23. Nd1 b6 24. Qc3 Rf8 25. Rg5 Bxh3 26. Rh5 1-0